LEADER 00947nam a2200253 i 4500 001 991001456189707536 005 20020502193623.0 008 000602s1999 it ||| | ita 020 $a884641358X 035 $ab11515405-39ule_inst 035 $aPRUMB61460$9ExL 040 $aDip. SSSC$bita 100 1 $aLichtner, Maurizio$0125965 245 13$aLa qualità delle azioni formative :$bcriteri di valutazione tra esigenze di funzionalità e costruzione del significato /$cMaurizio Lichtner 260 $aMilano :$bAngeli,$c[1999] 300 $a310 p. ;$c22 cm. 490 0 $aScienze della formazione 650 4$aValutazione 907 $a.b11515405$b01-03-17$c01-07-02 912 $a991001456189707536 945 $aLE021 DI9B44$g1$i2021000042089$lle021$o-$pE0.00$q-$rl$s- $t0$u0$v0$w0$x0$y.i11710500$z01-07-02 996 $aQualità delle azioni formative$9506112 997 $aUNISALENTO 998 $ale021$b01-01-00$cm$da $e-$fita$git $h3$i1 LEADER 00780cam a22002174a 4500 001 991004347038307536 005 20241024095131.0 008 241022s2008 enka b 001 0 eng 020 $a9781848001268 040 $aBibl. Dip.le Aggr. Ingegneria Innovazione - Sez. IngegneriaInnovazione$beng 082 04$a519.82$222 100 1 $aJiang, Yuming$01766382 245 10$aStochastic network calculus /$cYuming Jiang, Yong Liu 260 $aLondon :$bSpringer,$cc2008 300 $axviii, 229 p. :$bill. ;$c25 cm 504 $aIncludes bibliographical references and index 650 0$aQueuing theory 700 1 $aLiu, Yong$eauthor$4http://id.loc.gov/vocabulary/relators/aut$0720834 912 $a991004347038307536 996 $aStochastic network calculus$94210455 997 $aUNISALENTO